| 000 | 01215nam a22001817a 4500 | ||
|---|---|---|---|
| 003 | IT-RoPau | ||
| 005 | 20220918175943.0 | ||
| 008 | 130219b xxu||||| |||| 00| 0 eng d | ||
| 040 | _cIT-RoPau | ||
| 100 |
_aLobina, Walter _9442 |
||
| 245 |
_aParola di pietra. _bStoria e arte della basilica Minore Santa Maria Regina degli Apostoli |
||
| 250 | _aI | ||
| 260 |
_aRoma _bSSP Casa Provinciale _c2003 |
||
| 300 |
_a96 pp. _c24 cm _eFoto 24x17 |
||
| 490 | _vI | ||
| 520 | _aIndice Introduzione Il sogno di un Santuario Il Patto L'inaugurazione Architettura e simboli La Basilica Minore in cifre Le frasi alberoniane La campana La sottocripta Visione d'insieme Il corridoio La Chiesa Tomba della Venerabile Suor Tecla Merlo La cripta VIsione d'insieme L'altare Il nome Maria/Miryam L'ambone La calotta Il deambulatorio Tomba del Beato Timoteo Giaccardo L'organo Candelabri in marmo Il tempio Visione d'insieme Altare maggiore La pala dell'altare maggiore Fregio del cornicione La doppia cupola Pennacchi dei quattro pilastri Progetto non realizzato Gli altari laterali Lo Stemma Paolina Missione del Tempio Regina degli Apostoli Nel pensiero di Don Alberione La mia casa รจ di preghiera | ||
| 942 |
_2ddc _cBK |
||
| 999 |
_c38125 _d38125 |
||